On the apostolic tradition / (Record no. 39892)
[ view plain ]
| 000 -LEADER | |
|---|---|
| fixed length control field | 01337cam a22002894a 4500 |
| 001 - CONTROL NUMBER | |
| control field | 47971611 |
| 003 - CONTROL NUMBER IDENTIFIER | |
| control field | OSt |
| 005 - DATE AND TIME OF LATEST TRANSACTION | |
| control field | 20160610084221.0 |
| 008 - FIXED-LENGTH DATA ELEMENTS--GENERAL INFORMATION | |
| fixed length control field | 010817s2001 nyu b 001 0 eng |
| 010 ## - LIBRARY OF CONGRESS CONTROL NUMBER | |
| LC control number | 2001048380 |
| 020 ## - INTERNATIONAL STANDARD BOOK NUMBER | |
| International Standard Book Number | 0881412333 |
| 041 1# - LANGUAGE CODE | |
| Language code of text/sound track or separate title | eng |
| Language code of original and/or intermediate translations of text | mul |
| 100 0# - MAIN ENTRY--PERSONAL NAME | |
| Personal name | Hippolytus, |
| Titles and other words associated with a name | Antipope, |
| Dates associated with a name | approximately 170-235 or 236 |
| 240 10 - UNIFORM TITLE | |
| Uniform title | <a href="Traditio apostolica.">Traditio apostolica.</a> |
| Language of a work | English |
| 245 10 - TITLE STATEMENT | |
| Title | On the apostolic tradition / |
| Statement of responsibility, etc | Hippolytus ; an English version with introduction and commentary by Alistair Stewart-Sykes |
| 246 30 - VARYING FORM OF TITLE | |
| Title proper/short title | Apostolic tradition |
| 260 ## - PUBLICATION, DISTRIBUTION, ETC. (IMPRINT) | |
| Place of publication, distribution, etc | Crestwood, N.Y. : |
| Name of publisher, distributor, etc | St. Vladimir's Seminary Press, |
| Date of publication, distribution, etc | 2001 |
| 300 ## - PHYSICAL DESCRIPTION | |
| Extent | 222 p. ; |
| Dimensions | 19 cm |
| 440 ## - SERIES STATEMENT/ADDED ENTRY--TITLE | |
| Title | St. Vladimir's Seminary Press "popular patristics" series |
| 504 ## - BIBLIOGRAPHY, ETC. NOTE | |
| Bibliography, etc | Includes bibliographical references (p. 207-214) and indexes |
| 546 ## - LANGUAGE NOTE | |
| Language note | "Apostolic tradition was written in Greek, but only a few fragments are still extant in that language. Apostolic tradition is, however, extant in a number of translations and versions. The translation in this book is therefore a translation of translations"--P. 45 |
| 650 #0 - SUBJECT ADDED ENTRY--TOPICAL TERM | |
| Topical term or geographic name as entry element | Christian life |
| Form subdivision | Early works to 1800 |
| 650 #0 - SUBJECT ADDED ENTRY--TOPICAL TERM | |
| Topical term or geographic name as entry element | Church history |
| Chronological subdivision | Primitive and early church, ca. 30-600 |
| Form subdivision | Sources |
| 650 #0 - SUBJECT ADDED ENTRY--TOPICAL TERM | |
| Topical term or geographic name as entry element | Church orders, Ancient |
| 700 1# - ADDED ENTRY--PERSONAL NAME | |
| Personal name | Stewart, Alistair C. |
| Fuller form of name | (Alistair Charles), |
| Dates associated with a name | 1960- |
| 942 ## - ADDED ENTRY ELEMENTS (KOHA) | |
| Source of classification or shelving scheme | Library of Congress Classification |
| Item type | Books |
| Withdrawn status | Lost status | Source of classification or shelving scheme | Damaged status | Not for loan | Home library | Current library | Shelving location | Date acquired | Source of acquisition | Inventory number | Total Checkouts | Full call number | Barcode | Date last seen | Price effective from | Koha item type |
|---|---|---|---|---|---|---|---|---|---|---|---|---|---|---|---|---|
| Library of Congress Classification | BSOP Library | BSOP Library | GC | 06/10/2016 | 38013 | BR65.84 T67 2001 | 00048013 | 06/10/2016 | 06/10/2016 | Books |
